00492 2200145 4500245016200000250001100162110002700173650002200200005001900222260004500241041001400286084001000300300002700310336000900337 aPetunjuk Pengisian SPT Tahunan Pajak Penghasilan Wajib Pajak Badan b : SPT 1771 dan SPT 1771 / beserta Lampiran - LampirannyacDepartemen Keuangan RIhText aCet. 1 aDepartemen Keuangan RI aPajak Penghasilan a20230209092047 aJakartabDirektorat Jenderal Pajakc2004 aIndonesia a336.2 avii, 68 hlm. :c21 cm. atext